000 01054nam2a22002531 4500
001 v19\rc\1809292
005 20250619125532.0
035 _a(NLR Aleph) 004909560
090 _a5462548
_c5462548
100 _a20071224d1913 |||y0rusy50 ca
101 0 _arus
102 _aRU
105 _ay z |||||
200 0 _a1912
_e№ 36827-39000
210 _d1913
_aБ. м.
215 _a144 с. разд. паг.
461 0 _1001v19\rc\1809284
_12001#$aИнвентарь Библиотеки Петроградского политехнического института...$v1912
_95462466
_aСанкт-Петербургский политехнический институт. Библиотека
_cПетроград
_d1906-1916
_tИнвентарь Библиотеки Петроградского политехнического института...
_v1912
801 0 _aRU
_bNLR
_gpsbo
801 0 _aRU
_bRuMoRGB
_2psbo
801 1 _aRU
_bProSoft-M
_2rusmarc
852 _aNLR
_bБ
_j6140-3/И583
899 _aRuMoRGB
_jR 39/45
942 _cBOOK
980 _aNB